Parochus Meditans, Seu Modus Pie Secum Loquendi In Usum ...

Bibliographic Details
Main Author: Brandl, Matthaeus (Author)
Format: Book
Language:Undetermined
PhysicalDescription:[6], 276, [4] s. 15 cm
Published: Tyrnaviae, typis Academicis S. J. Annô 1747.

MARC

LEADER 00000nam a2200000 a 4500
001 vtls001323052
003 SK-MaSNL
005 20260301005458.0
008 240318s1747 xx 0 und
035 |a SNK000275740 
040 |a SNK  |b slo  |c SNK  |e AACR2 
041 0 |a und 
044 |a xx 
100 1 |a Brandl, Matthaeus  |4 aut  |9 289835 
245 1 0 |a Parochus Meditans,  |b Seu Modus Pie Secum Loquendi In Usum ... 
260 |a Tyrnaviae,  |b typis Academicis S. J.  |c Annô 1747. 
300 |a [6], 276, [4] s.  |c 15 cm 
958 |a ONDV 
999 |c 545296  |d 547226 
952 |t P60, <03>, [BOOK], {603}  |a SNK  |b SNK  |y PREZ  |7 0  |p 17A0099636  |o snkSD 47314, prív.1  |0 0  |1 0  |4 0  |d 1998-03-03  |l 0  |r 2005-01-02 00:00:00  |w 2026-02-23